Bài tập kiểm toán
Nội dung sách được sắp xếp theo thứ tự của các chương trong quyển sách Kiểm toán của Bộ môn Kiểm toán, Khoa Kế toán - Kiểm toán, Trường Đại học Kinh tế TP Hồ Chí Minh. Mỗi chương sẽ có các bài tập theo chủ đề chương, được phân thành...
Wedi'i Gadw mewn:
| Awduron Corfforaethol: | , |
|---|---|
| Fformat: | Llyfr |
| Iaith: | Undetermined |
| Cyhoeddwyd: |
Hà Nội
Lao động xã hội
2011
|
| Pynciau: | |
| Tagiau: |
Ychwanegu Tag
Dim Tagiau, Byddwch y cyntaf i dagio'r cofnod hwn!
|
| Thư viện lưu trữ: | Trung tâm Học liệu Trường Đại học Cần Thơ |
|---|
| LEADER | 01412nam a2200217Ia 4500 | ||
|---|---|---|---|
| 001 | CTU_174208 | ||
| 008 | 210402s9999 xx 000 0 und d | ||
| 020 | |c 50000 | ||
| 082 | |a 657.45 | ||
| 082 | |b Tr561 | ||
| 110 | |a Trường Đại học Kinh tế Thành phố Hồ Chí Minh | ||
| 110 | |b Khoa Kế toán - Kiểm toán. Bộ môn Kiểm toán | ||
| 245 | 0 | |a Bài tập kiểm toán | |
| 245 | 0 | |c Trường Đại học Kinh tế Thành phố Hồ Chí Minh | |
| 260 | |a Hà Nội | ||
| 260 | |b Lao động xã hội | ||
| 260 | |c 2011 | ||
| 520 | |a Nội dung sách được sắp xếp theo thứ tự của các chương trong quyển sách Kiểm toán của Bộ môn Kiểm toán, Khoa Kế toán - Kiểm toán, Trường Đại học Kinh tế TP Hồ Chí Minh. Mỗi chương sẽ có các bài tập theo chủ đề chương, được phân thành ba loại: Câu hỏi trắc nghiệm, câu hỏi lý thuyết (ôn tập) và bài tập. Bên cạnh các bài tập có lời giải, còn có những bài tập không có đáp án nhằm phục vụ cho việc tự nghiên cứu của quý bạn đọc. | ||
| 650 | |a Auditing,Kiểm toán | ||
| 904 | |i Giàu,Hải | ||
| 980 | |a Trung tâm Học liệu Trường Đại học Cần Thơ | ||